| 000 | 00369nam a22001457a 4500 | ||
|---|---|---|---|
| 020 | _a978-81-7910-321-0 | ||
| 041 | _aENG | ||
| 100 | _aMasih.M.R | ||
| 245 | _aNatural Resource Management for Sustainable Agriculture | ||
| 260 |
_aJaipur _bAavishkar Publishers _c2010 |
||
| 300 | _a351 | ||
| 650 | _aSWCE | ||
| 700 | _aSingh.B,Pareek.D.K,Deo.C | ||
| 856 | _uSWCE ( 06 ) | ||
| 999 |
_c1910 _d1910 |
||